[Event "Campeonato Estadual de Mestres do  RJ 2"]
[Site "ALEX"]
[Date "2025.06.19"]
[Round "1.1"]
[White "De Moura Silva, Guilherme"]
[Black "Rangel, Daniel"]
[Result "0-1"]
[WhiteElo "1911"]
[BlackElo "2262"]
[Annotator "CB - RR"]
[PlyCount "56"]
[EventDate "2025.06.19"]
[EventRounds "6"]
[EventCountry "BRA"]

1. d4 Nf6 2. Nc3 e6 3. e4 d5 4. exd5 exd5 5. Nf3 Be7 6. Bd3 Bg4 7. h3 Bh5 8. O-O O-O ({RR} 8... Nc6 9. Be3 O-O 10. a3 {½-½ (10) Chiburdanidze,M (2485)-Vaisser,A (2565) Biel 1991}) 9. Bg5 Nbd7 10. Re1 c6 11. Bf5 $146 ({RR} 11. Re3 Re8 12. Qe2 Bd6 13. Re1 Qb6 14. Na4 Qb4 15. b3 Rxe3 16. Bxe3 Bxf3 17. gxf3 Nf8 18. c3 Qa5 19. Qc2 Re8 20. Kh1 Qc7 21. Rg1 Ng6 22. Bf5 Bf4 23. Qd2 Nh5 24. Nc5 Bxe3 25. fxe3 Ng3+ {Kravchenko,A-Hryhorenko,N Simferopol 2000 0-1}) ({RR} 11. Be2 Qc7 12. Ne5 Bg6 13. Nxg6 fxg6 14. Bd3 Rae8 15. Qd2 Bd6 16. Rxe8 Rxe8 17. Re1 Rxe1+ 18. Qxe1 Kf7 19. Ne2 Nf8 20. c3 Ne6 21. Bc1 Nh5 22. g3 Nf6 23. Kg2 b5 24. b4 a6 25. a3 a5 {Thompson,B-Palcic,B Edmonton 2000 ½-½ (57)}) ({RR} 11. g4 Bg6 12. Bxg6 fxg6 13. Qd3 Re8 14. Re6 Nf8 15. Re3 Bb4 16. Rae1 Rxe3 17. Rxe3 Qa5 18. a3 Bxc3 19. Qxc3 Qxc3 20. Rxc3 Re8 21. Re3 Rxe3 22. Bxe3 N6d7 23. Kg2 h6 24. h4 Kf7 25. g5 h5 {Czech,J (1920)-Przybyl,J Wisla 2007 0-1 (55)}) 11... Re8 12. Qd3 Nf8 13. Ne5 g6 14. Qg3 Kg7 15. Bh6+ Kg8 16. Bg5 c5 17. dxc5 d4 18. Nb5 Bxc5 19. Qh4 Be7 20. Nxd4 h6 21. Be3 Ng4 22. Qg3 Bh4 23. Qf4 Bg5 24. Qg3 Nxe5 25. f4 Nc4 26. fxg5 Nxe3 27. Ne6 fxe6 28. Qxe3 gxf5 0-1

[Event "Campeonato Estadual de Mestres do  RJ 2"]
[Site "ALEX"]
[Date "2025.06.19"]
[Round "1.2"]
[White "De Albuquerque, Ian Telek C."]
[Black "Laba, Otavio De Souza"]
[Result "1-0"]
[WhiteElo "2175"]
[BlackElo "1905"]
[Annotator "CB - RR"]
[PlyCount "35"]
[EventDate "2025.06.19"]
[EventRounds "6"]
[EventCountry "BRA"]

1. e4 e5 2. Nf3 Nc6 3. Bc4 Be7 4. d4 exd4 5. Nxd4 Nf6 6. Nc3 O-O 7. O-O Re8 8. Re1 ({RR} 8. Nxc6 dxc6 9. Bf4 Qxd1 10. Raxd1 Bb4 11. f3 Be6 12. Bxe6 Rxe6 13. Bxc7 Re7 14. Bd8 Re6 15. Bxf6 Rxf6 16. Rd7 b5 17. Rfd1 Re8 18. e5 Rfe6 19. f4 f6 20. Ne4 fxe5 21. f5 R6e7 22. f6 Rf7 {Milojevic Daim,L (1649)-L'Hostis,L Agen 2021 1-0 (61)}) 8... Bb4 9. Bg5 h6 10. Bh4 Ne5 $146 ({RR} 10... d6 11. Nxc6 bxc6 12. e5 dxe5 13. Qxd8 Rxd8 14. Rxe5 Bxc3 15. bxc3 g5 16. Bxg5 hxg5 17. Re7 Be6 18. Bxe6 fxe6 19. Rxe6 Rd6 20. Re7 Rd7 21. Re6 Rd6 {½-½ (21) Pessoa Filho,G-Cruz,R Sao Paulo 1991}) 11. Bb3 Ng6 12. Bxf6 Qxf6 13. Nd5 Qd6 14. Nb5 Qc6 15. Nbxc7 Bxe1 16. Qxe1 Nf4 17. Nxe8 Nxd5 18. exd5 1-0

[Event "Campeonato Estadual de Mestres do  RJ 2"]
[Site "ALEX"]
[Date "2025.06.19"]
[Round "1.3"]
[White "Aipperspach, Joao Lizak"]
[Black "Serpa, Rafael Araujo"]
[Result "0-1"]
[WhiteElo "1896"]
[BlackElo "2064"]
[Annotator "CB - RR"]
[PlyCount "66"]
[EventDate "2025.06.19"]
[EventRounds "6"]
[EventCountry "BRA"]

1. e4 c6 2. d4 d5 3. exd5 cxd5 4. Bd3 Nc6 5. c3 Nf6 6. Bf4 Bg4 7. Qb3 e5 8. dxe5 Nh5 9. Be3 Nxe5 10. Bb5+ Nc6 11. h3 Be6 12. Qa4 ({RR} 12. Qd1 Nf6 13. Nf3 Bd6 14. O-O O-O 15. Nbd2 Qd7 16. Re1 a6 17. Bf1 Rac8 18. Nb3 Ne4 19. Nbd4 Bb8 20. Qc1 Qd6 21. Ne2 d4 22. Bf4 Qc5 23. Nexd4 Bd5 24. Bxb8 Rxb8 25. Qf4 Rbe8 26. Bd3 Nf6 {Wei,Y (2743)-Navara,D (2740) Yancheng 2018 0-1 (61)}) 12... Nf6 $146 ({RR} 12... Qc7 13. Nf3 Bd6 14. O-O O-O 15. Re1 Ne5 16. Nxe5 Bxe5 17. Nd2 g6 18. Nf3 Bf6 19. Nd4 Ng7 20. Qd1 a6 21. Bd3 Rfe8 22. Qf3 Be5 23. Re2 Rad8 24. Rae1 f6 25. g4 Bf7 26. Kg2 b5 27. a3 {Gutierrez Herrera,J (2088)-Moreno,J (1767) Uniagraria 2019 ½-½ (49)}) ({RR} 12... Qd7 13. Nf3 Qc7 14. O-O Bd6 15. Nbd2 O-O 16. Rfe1 Nf4 17. Bxf4 Bxf4 18. Nf1 a6 19. Bxc6 bxc6 20. Nd4 Bd7 21. Nf3 Bd6 22. Rad1 Rab8 23. Rd2 a5 24. a3 Rfe8 25. Red1 Be6 26. Nd4 Bd7 27. c4 {Karamsetty,J (2244)-Bahmani,K (2208) chess.com INT 2025 0-1 (77)}) ({RR} 12... Qc7 13. Ne2 Bd6 14. Nd2 a6 15. Bd3 O-O 16. Qh4 g6 17. Nf3 Ne5 18. Nxe5 Bxe5 19. O-O Rfe8 20. f4 Bg7 21. Qf2 f5 22. Nd4 Nf6 23. Nxe6 Rxe6 24. Rad1 Rae8 25. Rfe1 Ne4 26. Bxe4 dxe4 27. Qd2 {Suarez Gomez,P (2111)-Bendayan Claros,A (2200) Linares ESP 2024 ½-½ (36)}) ({RR} 12... Qc7 13. Nf3 Bd6 14. Nd4 Bd7 15. O-O O-O 16. Bd3 Bh2+ 17. Kh1 Bf4 18. Nxc6 Bxe3 19. Ne7+ Kh8 20. Nxd5 Qd6 21. Qe4 f5 22. Qxe3 Qxd5 23. Be2 Rae8 24. Qf3 Qe5 25. Qxh5 g6 26. Qh4 Qxe2 27. Qd4+ {Cheng,Z (1819)-Xie,K (2393) Liaocheng CHN 2024 0-1 (52)}) 13. Bxc6+ bxc6 14. Qxc6+ Bd7 15. Qa6 Qb8 16. Qe2 Ne4 17. Qc2 Bd6 18. Ne2 O-O 19. O-O Re8 20. Qb3 Qc7 21. Nd4 Rab8 22. Qc2 f5 23. Nd2 f4 24. Nxe4 dxe4 25. Bd2 f3 26. gxf3 exf3 27. Nxf3 Bc6 28. Qf5 Rf8 29. Qe6+ Kh8 30. Ne5 Bxe5 31. f4 Bd6 32. Qc4 Qb6+ 33. Kh2 Bb5 0-1

[Event "Campeonato Estadual de Mestres do  RJ 2"]
[Site "ALEX"]
[Date "2025.06.19"]
[Round "1.4"]
[White "Manzi, Luiz Antonio Bardar"]
[Black "Celani, Guilherme Fontes"]
[Result "1-0"]
[WhiteElo "2044"]
[BlackElo "1876"]
[Annotator "CB - RR"]
[PlyCount "45"]
[EventDate "2025.06.19"]
[EventRounds "6"]
[EventCountry "BRA"]

1. Nf3 Nf6 2. c4 g6 3. d4 Bg7 4. Nc3 d6 5. e4 O-O 6. Be2 c6 7. h3 Nbd7 8. Be3 Qc7 9. O-O b6 ({RR} 9... Re8 10. Qc2 e5 11. d5 c5 12. a3 a6 13. Nd2 h6 14. b4 b6 15. Rab1 Nf8 16. bxc5 bxc5 17. Na4 N6d7 18. Nb3 f5 19. f3 Nf6 20. Nbxc5 dxc5 21. Nxc5 Nh5 22. Na4 Nf4 23. c5 Nxe2+ 24. Qxe2 {Solomon,S (2402)-Rujevic,M (2253) Melbourne 2012 1-0 (41)}) ({RR} 9... Re8 10. Rc1 e5 11. d5 h6 12. b4 Nh5 13. Qd2 Kh7 14. g4 Nf4 15. Kh2 Rf8 16. Bd1 a5 17. b5 c5 18. a4 Nb6 19. Ne2 Nxe2 20. Qxe2 f5 21. gxf5 gxf5 22. exf5 Qe7 23. Bc2 Bxf5 24. Bxf5+ {Montanu,D (1895)-Gauche,C (2191) Rio de Janeiro BRA 2023 ½-½ (44)}) 10. Rc1 Bb7 11. Qd2 Rfe8 $146 ({RR} 11... e6 12. Bd3 a6 13. b3 Rac8 14. Rfe1 Qb8 15. a4 e5 16. Bc2 b5 17. Bg5 b4 18. Na2 a5 19. Rcd1 d5 20. exd5 exd4 21. dxc6 Bxc6 22. Nxd4 Bb7 23. Nb5 Nc5 24. Qd6 Qxd6 25. Nxd6 Rc7 26. Nxb7 {Adler,W-Weller,F Bad Wildbad 1999 1-0 (45)}) ({RR} 11... a6 12. b4 Rac8 13. Bd3 Qd8 14. e5 dxe5 15. dxe5 Ne8 16. Bf4 e6 17. Qe2 Qe7 18. a3 c5 19. b5 a5 20. Ne4 Bxe4 21. Bxe4 f6 22. exf6 Bxf6 23. Rcd1 e5 24. Bh6 Bg7 25. Bd5+ Kh8 26. Bxg7+ {Neumeister,H (1753)-Brockhaus,W (1510) Schloss Schney 2006 ½-½ (40)}) ({RR} 11... Rad8 12. Bh6 e5 13. Bxg7 Kxg7 14. d5 c5 15. Nh4 Ng8 16. Nb5 Qb8 17. Rc3 Nh6 18. f4 f6 19. Rg3 exf4 20. Qxf4 Ne5 21. Nf5+ Nxf5 22. exf5 g5 23. h4 h6 24. Kf2 Nf7 25. Bh5 Rh8 26. Re1 {Moenius,A (1855)-Schuepferling,P (1556) Schney 2016 ½-½ (45)}) 12. Rfd1 Rad8 13. a3 c5 14. d5 a6 15. Nh2 e5 16. Nf1 Nh5 17. Bxh5 gxh5 18. Ng3 Nf6 19. Bg5 Rb8 20. Bxf6 Bxf6 21. Nxh5 Bh8 22. Qh6 Qe7 23. Rd3 1-0

[Event "Campeonato Estadual de Mestres do  RJ 2"]
[Site "ALEX"]
[Date "2025.06.19"]
[Round "1.5"]
[White "Pessoa, Vitor Henrique Leop"]
[Black "Okamura, Milton Kasuo"]
[Result "0-1"]
[WhiteElo "1869"]
[BlackElo "2042"]
[Annotator "CB - RR"]
[PlyCount "122"]
[EventDate "2025.06.19"]
[EventRounds "6"]
[EventCountry "BRA"]

1. e4 c5 2. Nf3 e6 3. d3 Nc6 4. g3 g6 5. Bg2 Bg7 6. c3 d5 ({RR} 6... e5 7. a3 Nge7 8. b4 d6 9. O-O O-O 10. Nbd2 h6 11. Rb1 b6 12. Nc4 Be6 13. a4 d5 14. exd5 Nxd5 15. Bd2 e4 16. dxe4 Nxc3 17. Bxc3 Bxc3 18. Qe2 cxb4 19. Rfd1 Qe7 20. e5 Rad8 21. Ne3 {Timman,J (2655)-Kasimdzhanov,R (2614) Dordrecht 2000 0-1 (36)}) ({RR} 6... e5 7. O-O Nge7 8. Bg5 h6 9. Be3 d6 10. d4 exd4 11. cxd4 Bg4 12. dxc5 dxc5 13. Nbd2 Nd4 14. h3 Bxf3 15. Nxf3 O-O 16. Rb1 Nec6 17. Kh2 Qe7 18. Qc1 Kh7 19. Ng1 Rad8 20. f4 b6 21. e5 {Pessoa,V (1835)-Campelo,L (2113) Florianopolis BRA 2025 0-1 (49)}) 7. Qe2 d4 ({RR} 7... Nge7 8. Bg5 h6 9. Bd2 Qc7 10. Na3 a6 11. Rd1 O-O 12. O-O b5 13. Nc2 Bb7 14. a3 Rad8 15. Nh4 g5 16. Nf3 Ng6 17. Be3 Nce7 18. h3 dxe4 19. dxe4 Bxe4 20. a4 c4 21. Ncd4 Bd3 22. Qd2 {Cujba,A (1741)-Arakhamia-Grant,K (2269) London ENG 2025 0-1}) 8. O-O $146 ({RR} 8. e5 h6 9. h4 dxc3 10. bxc3 Qc7 11. Bf4 Nge7 12. Nbd2 Nd5 13. Ne4 Nxe5 14. Nxe5 Nxf4 15. gxf4 Bxe5 16. fxe5 Qxe5 17. Rc1 f5 18. Nd2 Qf6 19. f4 O-O 20. Nc4 Bd7 21. Bxb7 Rab8 22. Bf3 Bb5 {Saric,I (2270)-Tutic,R (2270) Bihac 1999 1-0 (31)}) 8... e5 9. Qc2 Nf6 10. Nbd2 O-O 11. Nc4 Re8 12. Bg5 h6 13. Bxf6 Bxf6 14. a4 Be6 15. Nfd2 Qd7 16. f4 exf4 17. gxf4 dxc3 18. bxc3 Nb4 19. Qb3 Qxd3 20. e5 Be7 21. Rf3 Qxd2 22. Nxd2 Bxb3 23. Nxb3 Nc6 24. e6 fxe6 25. Rg3 Kf7 26. Rh3 h5 27. Re1 Rad8 28. Kf1 Bd6 29. Rf3 Ne7 30. Na5 Rb8 31. Rd1 Bc7 32. Nc4 Rbd8 33. Rfd3 Rxd3 34. Rxd3 Bxf4 35. Rf3 Nd5 36. Nd6+ Ke7 37. Nxe8 Kxe8 38. c4 Ne3+ 39. Kg1 e5 40. Rh3 Ke7 41. Bf1 Kf6 42. Kf2 Ng4+ 43. Kg2 e4 44. Be2 Ne3+ 45. Kf2 Nf5 46. Rb3 b6 47. h3 Nd4 48. Rb2 Kg5 49. a5 Kh4 50. axb6 axb6 51. Rxb6 g5 52. Rf6 Nxe2 53. Kxe2 Kxh3 54. Rf5 Kg4 55. Rxc5 h4 56. Rb5 h3 57. Kf1 Kf3 58. Kg1 g4 59. Rf5 e3 60. c5 e2 61. Rxf4+ Kxf4 0-1

[Event "Campeonato Estadual de Mestres do  RJ 2"]
[Site "ALEX"]
[Date "2025.06.19"]
[Round "1.6"]
[White "Salles, Marvio Darilho"]
[Black "Sarmento, Flora Ferreira"]
[Result "0-1"]
[WhiteElo "2041"]
[BlackElo "1720"]
[Annotator "CB - RR"]
[PlyCount "122"]
[EventDate "2025.06.19"]
[EventRounds "6"]
[EventCountry "BRA"]

1. e4 c5 2. Nc3 Nc6 3. g3 g6 4. Bg2 Bg7 5. d3 Nf6 6. f4 d6 7. Nf3 Bd7 8. Ne2 ({RR} 8. O-O Nd4 9. h3 Bc6 10. g4 e6 11. Ne2 Nxf3+ 12. Bxf3 d5 13. e5 Nd7 14. d4 Qb6 15. c3 O-O-O 16. Rf2 Kb8 17. f5 gxf5 18. gxf5 Rdg8 19. Kf1 exf5 20. Bh5 Ka8 21. Bxf7 Rf8 22. Bh5 Bb5 {Chuprov,D (2405)-Pospelov,E (2395) Kurgan 1993 1-0 (58)}) ({RR} 8. O-O e6 9. a4 a6 10. h3 Nb4 11. Qe1 Nxc2 12. Qd1 Nxa1 13. Be3 b5 14. b3 b4 15. Ne2 a5 16. Qxa1 Qb6 17. Qa2 O-O 18. g4 Rac8 19. Ng3 Qa6 20. Qc2 Ne8 21. f5 exf5 22. gxf5 Nf6 {Mugide,S (1543)-Yaqeen,M (1649) Kampala 2021 0-1 (38)}) 8... O-O $146 ({RR} 8... Qc7 9. c3 e5 10. h3 Rd8 11. O-O b5 12. Nh2 h6 13. g4 Ne7 14. Ng3 Bc6 15. Qf3 Nh7 16. fxe5 Bxe5 17. Bxh6 Ng8 18. Bf4 Qe7 19. Rad1 Bxf4 20. Qxf4 Ng5 21. Nf3 Nxh3+ 22. Bxh3 Rxh3 23. Kg2 {Steinberger,H-Millen,E Cologne 1995 ½-½}) ({RR} 8... Qc7 9. c3 c4 10. Nh4 cxd3 11. Qxd3 Rc8 12. O-O a6 13. Bd2 Na5 14. b3 b5 15. h3 O-O 16. f5 Nc6 17. Nf3 Rfd8 18. g4 Be8 19. Qe3 d5 20. Ng5 Nxe4 21. Nxe4 dxe4 22. Bxe4 Ne5 23. Nd4 {Trnovec,M (2225)-Noordhoek,H Balatonbereny 1997 ½-½ (60)}) 9. O-O e5 10. Nh4 exf4 11. Bxf4 Ne8 12. Be3 Bxb2 13. Rb1 Bf6 14. Rxb7 Na5 15. Rb1 Bxh4 16. gxh4 Qxh4 17. Qd2 Nc6 18. Bg5 Qg4 19. h3 Qe6 20. Bh6 Ng7 21. c3 Rab8 22. Nf4 Qe8 23. Nd5 f5 24. Rbe1 Qc8 25. exf5 Rxf5 26. Ne7+ Nxe7 27. Rxe7 Rxf1+ 28. Bxf1 Nf5 29. Qg5 Qd8 30. Re1 Qxg5+ 31. Bxg5 Kf7 32. Bg2 Re8 33. Rb1 h6 34. Bd5+ Be6 35. Rb7+ Kf8 36. Bxe6 Rxe6 37. Bf4 Re7 38. Rb8+ Kf7 39. Kf2 Ke6 40. Rg8 g5 41. Bd2 Rf7 42. Ke2 Ng3+ 43. Kd1 Kd5 44. Rg6 Rf3 45. Rxh6 Rxd3 46. Kc2 c4 47. Bxg5 Ne4 48. Bf6 Nxf6 49. Rxf6 Rxh3 50. Rf7 Rh2+ 51. Kb1 Ke4 52. Rxa7 Kd3 53. Rd7 Kxc3 54. a4 Kb3 55. Kc1 c3 56. Rb7+ Kxa4 57. Rc7 Kb3 58. Rb7+ Kc4 59. Rd7 d5 60. Rd8 d4 61. Rd7 Rh1+ 0-1

[Event "Campeonato Estadual de Mestres do  RJ 2"]
[Site "ALEX"]
[Date "2025.06.19"]
[Round "1.8"]
[White "Fernandes, Silas Carvalho"]
[Black "Silva, Clara Oliveira"]
[Result "1-0"]
[WhiteElo "2033"]
[BlackElo "1646"]
[Annotator "CB - RR"]
[PlyCount "57"]
[EventDate "2025.06.19"]
[EventRounds "6"]
[EventCountry "BRA"]

1. d4 d5 2. c4 e6 3. Nf3 Nf6 4. Nc3 c5 ({RR} 4... Nbd7 5. e3 Be7 6. Bd3 O-O 7. O-O dxc4 8. Bxc4 {½-½ (9) Dokutchaev,A (2399)-Ulyanin,S (2306) St Petersburg 2009}) 5. e3 Be7 6. Be2 dxc4 7. Bxc4 Nbd7 8. O-O O-O 9. Qe2 b6 ({RR} 9... Nb6 10. Bb3 Bd7 11. Rd1 Qc7 12. e4 cxd4 13. Nxd4 Qe5 14. Nf3 Qh5 15. e5 Ne8 16. Be3 Bc6 17. Bxb6 axb6 18. Nd4 Qxe2 19. Ncxe2 Ba4 20. Nc3 Bc6 21. Nxc6 bxc6 22. Rd7 Bb4 23. Ne4 Ra5 24. f4 {Zhukova,N (2301)-Kordzadze,N (1976) Rhodes GRE 2024 1-0}) 10. Rd1 Qc7 11. Nb5 $146 ({RR} 11. b3 Bb7 12. Bb2 Rfd8 13. Rac1 Rac8 14. h3 Qb8 15. a3 Qa8 16. dxc5 Bxf3 17. Qxf3 Qxf3 18. gxf3 Nxc5 19. b4 Rxd1+ 20. Nxd1 Ncd7 21. Bb5 Rxc1 22. Bxc1 a5 23. bxa5 bxa5 24. Nc3 Nb6 25. Kf1 Nfd5 {Spraggett,K (2561)-Cruz,J (2040) Lisbon 2014 ½-½ (53)}) ({RR} 11. b3 a6 12. a4 Bb7 13. Bb2 Rfd8 14. Rac1 Ng4 15. h3 Ngf6 16. d5 exd5 17. Nxd5 Nxd5 18. Bxd5 Nf6 19. Be5 Qc8 20. Bxb7 Qxb7 21. Bxf6 Bxf6 22. e4 Re8 23. e5 Qe7 24. Rd5 Qe6 25. Rcd1 Be7 {Salamon,J (1324)-Papadopoulou,M (1142) Tornelo INT 2020 1-0 (41)}) ({RR} 11. b3 a6 12. a4 Bb7 13. Bb2 Rfd8 14. Rac1 Ng4 15. h3 Ngf6 16. d5 exd5 17. Nxd5 Nxd5 18. Bxd5 Nf6 19. Be5 Qc8 20. Bxb7 Qxb7 21. Bxf6 Bxf6 22. e4 Re8 23. e5 Qe7 24. Rd5 Qe6 25. Rcd1 Be7 {Salamon,J (1324)-Papadopoulou,M (1142) Tornelo INT 2020 1-0 (41)}) 11... Qb8 12. dxc5 Bxc5 13. Nbd4 Kh8 14. b4 Bxd4 15. Nxd4 Bb7 16. Bb2 Ne5 17. Bb3 Nfg4 18. f4 Nxe3 19. Qxe3 Ng4 20. Qg3 Nf6 21. Nb5 Rg8 22. Be5 Qf8 23. Nd6 Qe7 24. Rac1 Ne4 25. Qe3 Nxd6 26. Bxd6 Qe8 27. Rc7 Ba6 28. a4 b5 29. a5 1-0

[Event "Campeonato Estadual de Mestres do  RJ 2"]
[Site "ALEX"]
[Date "2025.06.19"]
[Round "1.9"]
[White "Pedro, Arthur Ventura Tome"]
[Black "Frolov, Ivan"]
[Result "0-1"]
[WhiteElo "1627"]
[BlackElo "2013"]
[Annotator "CB - RR"]
[PlyCount "96"]
[EventDate "2025.06.19"]
[EventRounds "6"]
[EventCountry "BRA"]

1. e4 e5 2. Nf3 Nc6 3. Bc4 Bc5 4. O-O Nf6 5. d3 d6 6. Nc3 Bg4 7. Be3 Nd4 8. Bxd4 Bxd4 9. Na4 ({RR} 9. h3 Bxf3 10. Qxf3 c6 11. Ne2 Bb6 12. c3 Qe7 13. Kh1 O-O-O 14. a4 d5 15. exd5 cxd5 16. Bb3 e4 17. dxe4 Qxe4 18. a5 Qxf3 19. gxf3 Bc7 20. a6 Rhe8 21. Nd4 Re5 22. Ba4 Rh5 23. axb7+ Kxb7 {Kuderinov,K (2414)-Ovod,E (2386) St Petersburg 2007 ½-½ (50)}) ({RR} 9. h3 Bh5 10. Nd5 c6 11. Nxf6+ Qxf6 12. g4 Bg6 13. Nxd4 exd4 14. f4 Qh4 15. Kg2 f6 16. c3 b5 17. Be6 dxc3 18. f5 Bf7 19. Qb3 Rf8 20. Qxc3 c5 21. Qa5 Bxe6 22. fxe6 Ke7 23. Qxb5 Kxe6 {Fink,M (1869)-Fischer,J (1882) Germany 2012 1-0 (35)}) 9... a6 10. Bb3 Ba7 $146 ({RR} 10... Nd7 11. Nc3 Qf6 12. Nd5 Qd8 13. c3 Ba7 14. d4 O-O 15. Ne3 Bh5 16. Nf5 Re8 17. Ng3 Bg6 18. Re1 Nf6 19. Nh4 Nxe4 20. Nxg6 Nxg3 21. hxg3 hxg6 22. Qf3 Qf6 23. Qxb7 Bb6 24. Re3 Reb8 25. Qc6 {Soba,M (1563)-Titgemeyer,S (1395) Hamburg 2005 1-0}) 11. Nc3 Qd7 12. Nd5 O-O-O 13. h3 Nxd5 14. Bxd5 Bh5 15. a4 Qe7 16. g4 Bg6 17. b4 h5 18. Nh2 Qh4 19. Kg2 Rdf8 20. b5 a5 21. Rb1 Kb8 22. Rb3 hxg4 23. Qxg4 f5 24. Qxh4 Rxh4 25. Nf3 Rf4 26. exf5 R4xf5 27. Be4 Bh5 28. Bxf5 Bxf3+ 29. Kg3 Rxf5 30. Rfb1 Bd5 31. c4 Bxf2+ 32. Kh2 Be6 33. Kg2 Bd4 34. Rf1 Rxf1 35. Kxf1 Bxh3+ 36. Ke1 g5 37. Ke2 g4 38. Rb1 g3 39. Kf3 g2 40. Kg3 g1=Q+ 41. Rxg1 Bxg1 42. Kxh3 Ka7 43. Kg2 Bd4 44. Kf3 Kb6 45. Ke4 Kc5 46. Kf3 Kb4 47. Ke2 Kxa4 48. Kd2 Kb3 0-1

[Event "Campeonato Estadual de Mestres do  RJ 2"]
[Site "ALEX"]
[Date "2025.06.19"]
[Round "1.10"]
[White "De Carvalho Jr, Rogerio Brambila"]
[Black "Cardoso, Rafaela Martins"]
[Result "1-0"]
[WhiteElo "1943"]
[BlackElo "1585"]
[Annotator "CB - RR"]
[PlyCount "57"]
[EventDate "2025.06.19"]
[EventRounds "6"]
[EventCountry "BRA"]

1. d4 Nf6 2. c4 g6 3. Nf3 Bg7 4. g3 O-O 5. Bg2 c6 6. Nc3 d5 7. cxd5 cxd5 8. O-O Nc6 9. Ne5 e6 10. Nxc6 bxc6 11. Na4 Nd7 12. Bf4 e5 13. dxe5 Nxe5 14. Rc1 Bb7 ({RR} 14... Bd7 15. Nc5 Re8 16. Qa4 Rc8 17. Rfd1 h5 18. h3 g5 19. Bxe5 Rxe5 20. Qxa7 Be8 21. e4 Ra8 22. Qb7 Re7 23. Qb3 Rb8 24. Qe3 Rxb2 25. Qxg5 Rxa2 26. Qxh5 d4 27. Nd3 Rea7 28. e5 f6 29. Qg4 {Hodgson,J (2575)-Lobo,R (2310) San Francisco 1998 1-0 (41)}) ({RR} 14... Bd7 15. Nc5 Re8 16. b3 Bf5 17. Nd3 Nxd3 18. exd3 Qd7 19. Qc2 Rac8 20. b4 Qb7 21. a3 Qb5 22. Rfd1 Bd4 23. Bf1 c5 24. bxc5 Rxc5 25. Qd2 Rec8 26. Rxc5 Rxc5 27. Re1 Qc6 28. Qb4 Bc3 29. Qb8+ {Kaliakhmet,E (2113)-Bodnaruk,A (2333) New York USA 2024 1-0 (64)}) 15. Nc5 Qe7 16. Qc2 Rac8 17. Bh3 $146 ({RR} 17. b3 Ba8 18. Rfd1 Nd7 19. Bh3 f5 20. Nxd7 Qxd7 21. e4 Qe6 22. exf5 gxf5 23. Re1 Qg6 24. Re7 Bh6 25. Qd2 Bxf4 26. Qxf4 Rf7 27. Rxf7 Qxf7 28. Qxf5 Qxf5 29. Bxf5 Rd8 30. Re1 c5 31. Re7 d4 {Daglas,G-Paidoussis,A Athens 1973 1-0 (52)}) 17... f5 18. Bg2 Nc4 19. b3 Qxc5 20. bxc4 d4 21. Qb3 Rf7 22. Rfd1 Re8 23. e3 Bc8 24. Rc2 Rfe7 25. Bg5 Re6 26. Bd5 h6 27. Bxe6+ Bxe6 28. exd4 Bxd4 29. Bxh6 1-0

[Event "Campeonato Estadual de Mestres do  RJ 2"]
[Site "ALEX"]
[Date "2025.06.19"]
[Round "1.11"]
[White "Nunes, Lino Dias"]
[Black "Chaves, Jorge Antonio Torre"]
[Result "0-1"]
[WhiteElo "1571"]
[BlackElo "1935"]
[Annotator "CB - RR"]
[PlyCount "128"]
[EventDate "2025.06.19"]
[EventRounds "6"]
[EventCountry "BRA"]

1. e4 {ChessBase II} c5 2. Nf3 Nc6 3. Bb5 g6 4. a4 ({RR} 4. e5 Bg7 5. Bxc6 dxc6 6. h3 Nh6 7. O-O Nf5 8. d3 Nd4 9. Re1 O-O 10. Nbd2 {½-½ (10) Cicak,S (2569)-David,A (2605) Luxembourg 2014 EXT 2017 [ChessBase II]} ({RR} 10. Nxd4 cxd4 11. Bf4 h6 12. Nd2 Be6 13. Ne4 b6 14. Qd2 Kh7 15. Bh2 Qd7 16. a4 Bd5 17. a5 c5 18. Qf4 Qc6 19. Qh4 f5 20. exf6 exf6 21. f3 Rad8 22. axb6 axb6 23. Ra7 Rd7 24. Rea1 f5)) ({RR} 4. Bxc6 bxc6 5. O-O Bg7 6. Re1 Nf6 7. e5 Nd5 8. c4 Nc7 9. d4 cxd4 10. Qxd4 Ne6 11. Qh4 d6 12. Nc3 dxe5 13. Nxe5 Qd6 14. Nf3 h6 15. Be3 g5 16. Qe4 O-O 17. Qc2 f5 18. Rad1 Qc7) 4... Bg7 5. Nc3 ({RR} 5. O-O Nf6 6. Re1 O-O 7. Nc3 Nd4 8. Bc4 d6 9. e5 Ne8 10. exd6 Nxd6 11. Bd5 e6 12. Ba2 b6 13. d3 Nxf3+ 14. Qxf3 Bb7 15. Qh3 Nf5 16. Ne4 Qh4 17. Qxh4 Nxh4 18. Bg5 Nf5 19. Bf6 Bxf6 {Yin,G (1670)-Ryjanova,J (2245) Melbourne AUS 2025 0-1 (40)}) 5... Qc7 $146 ({RR} 5... Nf6 6. h3 O-O 7. O-O d6 8. Re1 e5 9. Bf1 Nh5 10. d3 Nf4 11. Bxf4 exf4 12. Rb1 g5 13. Nd5 Ne7 14. Nxe7+ Qxe7 15. d4 cxd4 16. Nxd4 Be5 17. c3 Kg7 18. Be2 Be6 19. Bg4 Bxg4 20. hxg4 {Schiel,T-Rosin,F (2135) Lugano 2006 0-1 (48)}) 6. O-O e6 7. h3 a6 8. Bc4 Nge7 9. Re1 d6 10. d3 O-O 11. Bf4 h6 12. Qd2 Kh7 13. Rab1 b6 14. Bb3 Bd7 15. Ne2 b5 16. axb5 axb5 17. c4 b4 18. d4 cxd4 19. Nexd4 Nxd4 20. Nxd4 e5 21. Nb5 Bxb5 22. cxb5 exf4 23. Qxb4 Qb6 24. Red1 Be5 25. Rd3 Ra5 26. Bc4 f5 27. exf5 Nxf5 28. Rbd1 Rd8 29. Qe1 Rf8 30. Ra3 Rxa3 31. bxa3 Ra8 32. Rd3 Qc5 33. Qe4 Rc8 34. Qb7+ Rc7 35. Qd5 Qxc4 36. Qxc4 Rxc4 37. b6 Nd4 38. g3 fxg3 39. fxg3 Rc1+ 40. Kg2 Rb1 41. a4 Rxb6 42. a5 Ra6 43. Ra3 Nc6 44. Rf3 Rxa5 45. Rf7+ Kg8 46. Rf3 Nd4 47. Rf2 Ra3 48. g4 Rg3+ 49. Kf1 Rxh3 50. Rg2 Rg3 51. Ra2 Rxg4 52. Ra8+ Kg7 53. Ra7+ Kf6 54. Kf2 h5 55. Ra3 Kf5 56. Rh3 h4 57. Kf1 Bg3 58. Rxh4 Rxh4 59. Kg2 Be1 60. Kg1 Rf4 61. Kg2 Kg4 62. Kh2 Rf2+ 63. Kg1 Kg3 64. Kh1 Rf1# 0-1

[Event "Campeonato Estadual de Mestres do  RJ 2"]
[Site "ALEX"]
[Date "2025.06.19"]
[Round "1.12"]
[White "Reimberg, Arthur Bernardo"]
[Black "Borensztein, Leo"]
[Result "1-0"]
[WhiteElo "1934"]
[BlackElo "1800"]
[Annotator "CB - RR"]
[PlyCount "95"]
[EventDate "2025.06.19"]
[EventRounds "6"]
[EventCountry "BRA"]

1. e4 c5 2. Nf3 e6 3. d4 cxd4 4. Nxd4 Nc6 5. Nc3 a6 6. Be3 Nf6 7. Be2 Qc7 8. a3 Be7 9. O-O O-O 10. Qd2 Rd8 ({RR} 10... d6 11. f4 Rd8 12. Bf3 Ne5 13. fxe5 dxe5 14. Nxe6 Bxe6 15. Qf2 Rac8 16. Bb6 Qxb6 17. Qxb6 Bc5+ 18. Qxc5 Rxc5 19. Rad1 Rd7 20. Rf2 Kf8 21. Rfd2 Rxd2 22. Rxd2 Ke7 23. Kf2 Ne8 24. Ke1 f6 25. Kd1 {Havlicek,J (2160)-Balinov,I (2485) Vienna 1998 0-1 (44)}) 11. f4 d5 ({RR} 11... d6 12. Bf3 e5 13. Nf5 b5 14. Nxe7+ Nxe7 15. Rfd1 Bb7 16. Qf2 Qc6 17. Rd2 exf4 18. Bxf4 d5 19. exd5 Nexd5 20. Nxd5 Nxd5 21. Rad1 Qe6 22. Qc5 Rac8 23. Bxd5 Bxd5 24. Rxd5 Rxd5 25. Qxd5 Qe8 26. Qd7 {Derling,C (1406)-Petrosyan,A (1353) Willingen 2021 1-0 (36)}) 12. exd5 exd5 $146 ({RR} 12... Nxd4 13. Bxd4 Nxd5 14. Nxd5 Rxd5 15. Qc3 Bc5 16. Rad1 Rxd4 17. Rxd4 e5 18. fxe5 Qxe5 19. Rfd1 Bg4 20. Bxg4 Rd8 21. Qe1 Rxd4 22. Kf1 Qxe1+ 23. Rxe1 Rxg4 24. Re8+ Bf8 25. Rb8 Rc4 26. Rxb7 Rxc2 27. Rb6 {Kirstein,H-Goldbach,A Mecklenburg VP 2018 0-1 (33)}) ({RR} 12... Nxd5 13. Nxd5 Rxd5 14. c3 Na5 15. Bf3 Rd8 16. Qf2 Nc4 17. Rad1 Bd7 18. Kh1 Bf6 19. Be4 g6 20. Bc1 Nd6 21. Bb1 Nb5 22. Be3 Nxd4 23. Bxd4 Bxd4 24. Rxd4 Bc6 25. Rfd1 Rd7 26. Rxd7 Bxd7 27. Qd4 {Moro,L-Karoly,C Porto Alegre 2011 0-1 (77)}) 13. Bf3 Bc5 14. Rad1 Bg4 15. Qf2 Re8 16. Rfe1 Bxf3 17. gxf3 Bxd4 18. Bxd4 Qxf4 19. Bxf6 Qxf6 20. Rxe8+ Rxe8 21. Rxd5 Ne5 22. Kg2 Nc4 23. Nd1 Nxb2 24. Ne3 Qc3 25. Qd2 Qxa3 26. Ng4 Qe7 27. Re5 Qf8 28. Rg5 Kh8 29. Qf4 g6 30. Re5 Rxe5 31. Qxe5+ Qg7 32. Nf6 Qh6 33. Qxb2 Qg5+ 34. Kf1 Qb5+ 35. Qxb5 axb5 36. Ne8 b4 37. Nd6 Kg7 38. Ke2 Kf6 39. Ke3 Ke6 40. Nxb7 Kd5 41. Na5 f5 42. f4 h6 43. h4 Kc5 44. Kd3 Kb5 45. Nb3 Ka4 46. Kc4 Ka3 47. Nd4 h5 48. Kb5 1-0